000 00716cam a22002291 4500
001 af 48000862
003 DLC
005 20260227110845.0
008 890320s1938 gw g 000 0 ger c
010 _aaf 48000862
035 _a(OCoLC)19404630
040 _aYale Univ. Library
_cCU
_dCU
_dDLC
042 _apremarc
050 0 0 _aPT2603.O35
_bG7
100 1 _aBöhme, Herbert,
_d1907-1971.
245 1 4 _aDas grossdeutsche Reich,
_bein Appell auf die Befrieung Österreichs.
_cMit Liedern.
260 _aMünchen,
_bF. Eher Nachf.
_c[1938]
300 _a45 p.
_bmusic.
_c19 cm.
490 1 _aJunges Volk. Reihe; Kameraden,
_vBd. 20
500 _aWith unacc. melodies by the author.
830 0 _aKameraden ;
_vBd. 20.
999 _c4245
_d4245